书目信息 |
| 题名: |
武器弹药终点毁伤评估
|
|
| 作者: | 王树山 , 马峰 , 郭勋成 , 高源 编著 | |
| 分册: | ||
| 出版信息: | 北京 北京理工大学出版社 2021 |
|
| 页数: | 294页 | |
| 开本: | 24cm | |
| 丛书名: | 高效毁伤系统丛书 | |
| 单 册: | ||
| 中图分类: | TJ410.6 | |
| 科图分类: | ||
| 主题词: | 弹药--击毁概率--评估 | |
| 电子资源: | ||
| ISBN: | 978-7-5682-9759-2 | |
| 000 | 01449oam2 2200301 450 | |
| 001 | 2271491385 | |
| 005 | 20220918195212.25 | |
| 010 | @a978-7-5682-9759-2@dCNY89.00 | |
| 100 | @a20210924d2021 em y0chiy50 ea | |
| 101 | 0 | @achi |
| 102 | @aCN@b110000 | |
| 105 | @ay az 000yy | |
| 200 | 1 | @a武器弹药终点毁伤评估@9wu qi dan yao zhong dian hui shang ping gu@f王树山[等]编著 |
| 210 | @a北京@c北京理工大学出版社@d2021 | |
| 215 | @a294页@d24cm | |
| 225 | 2 | @a高效毁伤系统丛书 |
| 304 | @a其他编著者:马峰,郭勋成,高源 | |
| 320 | @a有书目 (第293-294页) | |
| 330 | @a武器系统的终点毁伤能力或效果主要由目标易损性、战斗部及其相对于目标的炸点位置所决定,其中炸点位置是末端弹道、命中精度和引信三者共同控制的结果,于是本书将相关知识作为主体内容进行了有机整合和精心编排,并结合了作者的科研实践,介绍了武器弹药终点毁伤评估的概念、内容、原理与方法等方面的基础理论和基本知识,包括:基本概念和主要内容、目标易损性与毁伤机理、战斗部作用原理、引信工作原理、战斗部威力评估与试验以及武器弹药终点效能评估,最终形成了武器弹药终点毁伤评估的原理与方法。本书为武器类专业本科生的相关课程教材编写,也可作为兵器学科研究生、教师以及相关科技工作者的参考书。 | |
| 461 | 0 | @12001 @a高效毁伤系统丛书 |
| 606 | 0 | @a弹药@x击毁概率@x评估 |
| 690 | @aTJ410.6@v5 | |
| 701 | 0 | @a王树山@9wang shu shan@4编著 |
| 701 | 0 | @a马峰@9ma feng@4编著 |
| 701 | 0 | @a郭勋成@9guo xun cheng@4编著 |
| 701 | 0 | @a高源@9gao yuan@4编著 |
| 801 | 0 | @aCN@b91MARC@c20211015 |
| 905 | @aZUCC@dTJ410.6@e1 | |
| 武器弹药终点毁伤评估/王树山[等]编著.-北京:北京理工大学出版社,2021 |
| 294页;24cm.-(高效毁伤系统丛书) |
| ISBN 978-7-5682-9759-2:CNY89.00 |
| 武器系统的终点毁伤能力或效果主要由目标易损性、战斗部及其相对于目标的炸点位置所决定,其中炸点位置是末端弹道、命中精度和引信三者共同控制的结果,于是本书将相关知识作为主体内容进行了有机整合和精心编排,并结合了作者的科研实践,介绍了武器弹药终点毁伤评估的概念、内容、原理与方法等方面的基础理论和基本知识,包括:基本概念和主要内容、目标易损性与毁伤机理、战斗部作用原理、引信工作原理、战斗部威力评估与试验以及武器弹药终点效能评估,最终形成了武器弹药终点毁伤评估的原理与方法。本书为武器类专业本科生的相关课程教材编写,也可作为兵器学科研究生、教师以及相关科技工作者的参考书。 |
| ● |
| 相关链接 |
|
|
|
正题名:武器弹药终点毁伤评估
索取号:TJ410.6/1
 
预约/预借
| 序号 | 登录号 | 条形码 | 馆藏地/架位号 | 状态 | 备注 |
| 1 | 2000898781 | 2000898781 | 第三书库/ [索取号:TJ410.6/1] | 在馆 | |
| 2 | 2000898782 | 2000898782 | 第三书库/ [索取号:TJ410.6/1] | 在馆 | |
| 3 | 2000898783 | 2000898783 | 第三书库/ [索取号:TJ410.6/1] | 在馆 |